Pittsburgh Steelers Starting Quarterbacks of Super Bowl Era - Statistics

General Stats
  • This quiz has been taken 525 times
    153 since last reset
  • The average score is 14 of 34
Answer Stats
Answer % Correct
Ben Roethlisberger
99%
Russell Wilson
96%
Terry Bradshaw
94%
Mason Rudolph
91%
Kenny Pickett
90%
Justin Fields
89%
Kordell Stewart
73%
Neil O Donnell
65%
Tommy Maddox
62%
Mitchell Trubisky
60%
Charlie Batch
57%
Devlin Hodges
53%
Michael Vick
52%
Landry Jones
50%
Bubby Brister
44%
Mark Malone
34%
Byron Leftwich
33%
Mike Tomczak
30%
Terry Hanratty
27%
Ron C Smith
24%
Dennis Dixon
22%
Joe Gilliam
21%
Jim Miller
17%
Cliff Stoudt
16%
Kent Graham
14%
David Woodley
13%
Steve Bono
12%
Todd Blackledge
12%
Dick Shiner
11%
Kent Nix
11%
Bill Nelsen
9%
Scott Campbell
7%
George Izo
6%
Mike Kruczek
6%
No matching quizzes found
Score Distribution
Percent of People with Each Score
Percentile by Number Answered
Your Score History
You have not taken this quiz since the last reset